Salvador i's structure in architecture the abuilding of buildings 4th ed. (Record no. 6335)
[ view plain ]
| 000 -LEADER | |
|---|---|
| fixed length control field | 00352nam a2200109Ia 4500 |
| 008 - FIXED-LENGTH DATA ELEMENTS--GENERAL INFORMATION | |
| fixed length control field | 200302s9999 xx 000 0 und d |
| 100 ## - MAIN ENTRY--PERSONAL NAME | |
| Personal name | Robert A heller and Deborah J Oakley |
| 245 ## - TITLE STATEMENT | |
| Title | Salvador i's structure in architecture the abuilding of buildings 4th ed. |
| 260 ## - PUBLICATION, DISTRIBUTION, ETC. | |
| Name of publisher, distributor, etc. | Pearson India Education Services Pvt., Ltd., |
| 260 ## - PUBLICATION, DISTRIBUTION, ETC. | |
| Date of publication, distribution, etc. | 2017 |
| 300 ## - PHYSICAL DESCRIPTION | |
| Extent | 228 |
| Withdrawn status | Lost status | Damaged status | Not for loan | Permanent Location | Current Location | Date acquired | Cost, normal purchase price | Total Checkouts | Full call number | Barcode | Date last seen | Date last checked out | Price effective from | Koha item type |
|---|---|---|---|---|---|---|---|---|---|---|---|---|---|---|
| BMS College of Architecture, Design and Planning | BMS College of Architecture, Design and Planning | 2020-03-03 | 6549.94 | 1 | 729 | AR-UG237 | 2024-05-20 | 2024-05-06 | 2020-03-03 | UG Books |